UM Logo

Control and modulation of a single-phase AC/DC coverter with smooth bidirectional mode switching and symmetrical decoupling voltage compensation / (Record no. 18961)

MARC details
000 -LEADER
fixed length control field 01212nam a22002657a 4500
003 - CONTROL NUMBER IDENTIFIER
control field OSt
005 - DATE AND TIME OF LATEST TRANSACTION
control field 20250911174124.0
008 - FIXED-LENGTH DATA ELEMENTS--GENERAL INFORMATION
fixed length control field 240207b ||||| |||| 00| 0 eng d
040 ## - CATALOGING SOURCE
Transcribing agency 0
082 ## - DEWEY DECIMAL CLASSIFICATION NUMBER
Classification number DPer 621.381 In821 April 2022 v. 37 n. 4
100 ## - MAIN ENTRY--PERSONAL NAME
Personal name Wang, Xiaoqing.
Relator term author.
9 (RLIN) 51650
245 ## - TITLE STATEMENT
Title Control and modulation of a single-phase AC/DC coverter with smooth bidirectional mode switching and symmetrical decoupling voltage compensation /
Statement of responsibility, etc. Xiaoqing Wang, Min Chen, Bodong Li, Guannan Zhu, Lei Chen, Xinnan Sun, Dongbo Zhang, and Jingxin Hu.
260 ## - PUBLICATION, DISTRIBUTION, ETC. (IMPRINT)
Place of publication, distribution, etc. New York ;
Name of publisher, distributor, etc. The Institute of Electrical and Electronics Engineers, Inc. ,
Date of publication, distribution, etc. April 2022.
300 ## - PHYSICAL DESCRIPTION
Extent Volume 37, pages 3836-3853 :
Other physical details illustration ;
Dimensions 28 cm.
500 ## - GENERAL NOTE
General note IEEE Transaction on Power Electronics, vol. 37, no. 4, pages 3836-3853, April 2022.
700 ## - ADDED ENTRY--PERSONAL NAME
Personal name Wang, Xiaoqing.
Relator term author.
9 (RLIN) 51650
700 ## - ADDED ENTRY--PERSONAL NAME
Personal name Chen, Min.
Relator term author.Bodong Li,
9 (RLIN) 51651
700 ## - ADDED ENTRY--PERSONAL NAME
Personal name Li, Bodong.
Relator term author.
9 (RLIN) 51652
700 ## - ADDED ENTRY--PERSONAL NAME
Personal name Zhu, Guannan.
Relator term author.
9 (RLIN) 51653
700 ## - ADDED ENTRY--PERSONAL NAME
Personal name Chen, Lei.
Relator term author.
9 (RLIN) 51654
700 ## - ADDED ENTRY--PERSONAL NAME
Personal name Sun, Xinnan.
Relator term author.
9 (RLIN) 51655
700 ## - ADDED ENTRY--PERSONAL NAME
Personal name Zhang, Dongbo.
Relator term author.
9 (RLIN) 51656
700 ## - ADDED ENTRY--PERSONAL NAME
Personal name Hu, Jingxin.
Relator term author.
9 (RLIN) 51657
942 ## - ADDED ENTRY ELEMENTS (KOHA)
Source of classification or shelving scheme Dewey Decimal Classification
Koha item type Periodicals
Holdings
Withdrawn status Lost status Source of classification or shelving scheme Damaged status Not for loan Collection code Home library Current library Date acquired Total Checkouts Full call number Date last seen Price effective from Koha item type Public note
    Dewey Decimal Classification     Periodicals UM Digos College - LIC UM Digos College - LIC 02/07/2024   DPer 621.381 In821 April 2022 v. 37 n. 4 02/07/2024 02/07/2024 Periodicals Periodical Article